Bedside clinics in medicine/ (Record no. 8016)

MARC details
000 -LEADER
fixed length control field 00574 a2200181 4500
010 ## - LCCN (DPL NO)
LC control number ENG-88308
020 ## - INTERNATIONAL STANDARD BOOK NUMBER
International Standard Book Number 0195692098
Terms of availability 795.00
035 ## - SYSTEM CONTROL NUMBER
System control number EN-71841
037 ## - SOURCE OF ACQUISITION
Source of stock number/acquisition DBAD / PUB
082 14 - DEWEY DECIMAL CLASSIFICATION NUMBER
Classification number 616.075
100 ## - MAIN ENTRY--PERSONAL NAME
Personal name Udwadia, Farokh Erach
245 1# - TITLE STATEMENT
Title Bedside clinics in medicine/
Statement of responsibility, etc by Farokh Erach Udwadia
260 ## - PUBLICATION, DISTRIBUTION, ETC. (IMPRINT)
Place of publication, distribution, etc New Delhi
Name of publisher, distributor, etc Oxford University Press
Date of publication, distribution, etc 2007
270 ## - ADDRESS
Address YMCA Library Building, Jai Singh Road
City New Delhi
Postal code 110 001
300 ## - PHYSICAL DESCRIPTION
Extent xi, 386p.
Dimensions 24cm ( Hb)
Other physical details b&w photos
500 ## - GENERAL NOTE
General note Includes index
942 ## - ADDED ENTRY ELEMENTS (KOHA)
Institution code [OBSOLETE] dpl
Item type English Books
Source of classification or shelving scheme Dewey Decimal Classification
Classification part 616.075
Call number suffix UDW
Holdings
Withdrawn status Lost status Not for loan Collection code Home library Current library Source of acquisition Cost, normal purchase price Full call number Barcode Copy number Cost, replacement price Koha item type
    Not For Loan Non-fiction D.B.Act.Division D.B.Act.Division DBAD/PUB 795.00 616.075 UDW EN-71841 1 795.00 English Books

© Delhi Public Library
Hit Counter
free hit counter